Otvoriť stavidlá stojatých vôd

Bibliographic Details
Format: Article
Language:Slovak
Subjects:

MARC

LEADER 00000nab a2200000 a 4500
001 vtls000259338
003 SK-MaSNL
005 20260303174125.0
008 111130c1986 xo 0 slo
015 |a SNBRB19rr/mm-uuuuu 
035 |a CL0269452 
040 |a SNKBUCL  |b slo  |c SNKBUCL  |e AACR2 
041 0 |a slo 
044 |a xo  |c SK 
080 |a 621.311.2(437)  |2 1981 
245 0 0 |a Otvoriť stavidlá stojatých vôd 
650 0 7 |a energetika  |2 snkbucl  |9 3680 
650 0 7 |a vodné elektrárne  |2 snkbucl  |9 28806 
655 7 |a články z novín a časopisov  |2 snkbucl  |9 267496 
773 0 |t Pravda  |g Roč. 67, č. 237 (8. 10. 1986), s. 1 
850 |a Slovenská národná knižnica v Martine  |a MTA001 
852 |a SNK  |b KIS3GCP 
958 |a RK 
992 |a RBX 
999 |c 2095366  |d 2097296